[Event "Madrid ch 2009/10 Semifinal B"]
[Site "Madrid ESP"]
[Date "2010.01.08"]
[Round "1.1"]
[White "Elissalt Cardenas, Hector"]
[Black "Fernandez Lledo, Javier"]
[Result "0-1"]
[WhiteElo "2358"]
[BlackElo "2064"]
[PlyCount "84"]
[EventDate "2010.01.08"]
[EventType "swiss"]
[EventRounds "9"]
[EventCountry "ESP"]
[Source "lmi"]
[SourceDate "2010.01.08"]

1. Nf3 Nf6 2. c4 c5 3. Nc3 e6 4. e4 d6 5. Bd3 Nc6 6. O-O g6 7. a3 Bg7 8. Rb1
O-O 9. b4 d5 10. exd5 exd5 11. bxc5 d4 12. Ne4 Nd7 13. Bc2 f5 14. Nd6 d3 15.
Ba4 Nxc5 16. Nxc8 Rxc8 17. Bxc6 Rxc6 18. a4 g5 19. Ba3 b6 20. Bxc5 bxc5 21. Re1
g4 22. Ne5 Rh6 23. Qb3 Qd6 24. Nxd3 Qxh2+ 25. Kf1 Qh1+ 26. Ke2 Re6+ 27. Kd1
Rxe1+ 28. Nxe1 Re8 29. Kc2 Rxe1 30. Qb8+ Bf8 31. Qf4 Rxb1 32. Qg5+ Bg7 33. Qd8+
Kf7 34. Qd7+ Kg6 35. Qe6+ Bf6 36. Qg8+ Kh6 37. Qf8+ Kg5 38. Qg8+ Kf4 39. g3+
Kf3 40. Qd5+ Kxf2 41. Qxf5+ Kxg3 42. Qd3+ Qf3 0-1

[Event "Madrid ch 2009/10 Semifinal B"]
[Site "Madrid ESP"]
[Date "2010.01.08"]
[Round "1.2"]
[White "Martin Duque, Jesus"]
[Black "Serrano Salvador, Eduardo"]
[Result "0-1"]
[WhiteElo "2060"]
[BlackElo "2324"]
[PlyCount "192"]
[EventDate "2010.01.08"]
[EventType "swiss"]
[EventRounds "9"]
[EventCountry "ESP"]
[Source "lmi"]
[SourceDate "2010.01.08"]

1. e4 d5 2. exd5 Qxd5 3. Nc3 Qd6 4. d4 Nf6 5. Nf3 g6 6. Bc4 Bg7 7. Nb5 Qd8 8.
Bf4 Na6 9. O-O O-O 10. Qe2 c6 11. Nc3 Nc7 12. Be5 b5 13. Bd3 Ne6 14. Rad1 a6
15. Rfe1 Qb6 16. Ne4 Nd5 17. Bxg7 Kxg7 18. c3 Nef4 19. Qd2 Bg4 20. Be2 Rad8 21.
h3 Bf5 22. Ng3 Bc8 23. Bf1 c5 24. dxc5 Qxc5 25. Ne4 Qc7 26. Qd4+ Kg8 27. c4 Nb6
28. Qe5 Qxe5 29. Nxe5 bxc4 30. Nxc4 Nxc4 31. Bxc4 Bb7 32. f3 Rxd1 33. Rxd1 Rc8
34. b3 Rc7 35. Ng5 e6 36. Ne4 Bd5 37. Nf6+ Kf8 38. Nxd5 exd5 39. Bxa6 Rc2 40.
Bf1 Rxa2 41. Rd4 Rxg2+ 42. Kh1 Rf2 43. Rxf4 Rxf1+ 44. Kg2 Rb1 45. Rd4 Rxb3 46.
Rxd5 Rb2+ 47. Kg3 h5 48. Ra5 Kg7 49. h4 f6 50. Ra7+ Kh6 51. Ra6 f5 52. f4 Rb1
53. Kg2 Rb7 54. Rc6 Kg7 55. Kg3 Kf7 56. Ra6 Re7 57. Rb6 Re6 58. Rb7+ Kf6 59.
Rb5 Ra6 60. Kg2 Ke6 61. Kg3 Kd6 62. Kg2 Rc6 63. Ra5 Rc5 64. Ra6+ Kd5 65. Rxg6
Rc2+ 66. Kf3 Rc3+ 67. Kf2 Ke4 68. Rg5 Kxf4 69. Rxh5 Rc2+ 70. Kf1 Ke4 71. Rh8
Kf3 72. Ke1 Rc1+ 73. Kd2 Rh1 74. h5 Kf2 75. h6 f4 76. Rf8 f3 77. Rf6 Kg2 78.
Rg6+ Kf1 79. Rf6 f2 80. Rg6 Rh5 81. Rf6 Rh3 82. Rg6 Rh4 83. Rf6 Rh5 84. Rg6
Rd5+ 85. Kc3 Ke2 86. Re6+ Kf3 87. Rf6+ Ke3 88. h7 Rc5+ 89. Kb2 Rh5 90. Rf7 Rh2
91. Kc3 Rh3 92. Re7+ Kf3 93. h8=Q Rxh8 94. Rf7+ Kg2 95. Rg7+ Kf1 96. Rf7 Rg8
0-1

[Event "Madrid ch 2009/10 Semifinal B"]
[Site "Madrid ESP"]
[Date "2010.01.08"]
[Round "1.4"]
[White "Gomez Gonzalez, Javier"]
[Black "Alcazar Jimenez, Jesus Alberto"]
[Result "0-1"]
[WhiteElo "2041"]
[BlackElo "2249"]
[PlyCount "68"]
[EventDate "2010.01.08"]
[EventType "swiss"]
[EventRounds "9"]
[EventCountry "ESP"]
[Source "lmi"]
[SourceDate "2010.01.08"]

1. e4 e5 2. Nf3 Nc6 3. Bb5 a6 4. Ba4 Nf6 5. O-O b5 6. Bb3 Be7 7. Re1 O-O 8. a4
b4 9. d4 d6 10. c3 Rb8 11. Bc2 bxc3 12. bxc3 exd4 13. cxd4 Bg4 14. Nc3 Rb4 15.
Be3 g6 16. Qd2 d5 17. e5 Nh5 18. Rab1 Ng7 19. Na2 Rxb1 20. Rxb1 Bxf3 21. gxf3
Ne6 22. Qc3 Ncxd4 23. Bxd4 c5 24. Bxc5 Bxc5 25. f4 Qh4 26. Qg3 Qxf4 27. Nc3 Qd2
28. Bb3 Nf4 29. Kh1 Nd3 30. Nd1 Qe1+ 31. Kg2 Qe4+ 32. Kf1 Nxf2 33. Nc3 Qf5 34.
Kg2 Ne4 0-1

[Event "Madrid ch 2009/10 Semifinal B"]
[Site "Madrid ESP"]
[Date "2010.01.08"]
[Round "1.5"]
[White "Perez de Aranda A., Leonardo I"]
[Black "Tome Vazquez, Oscar"]
[Result "1-0"]
[WhiteElo "2216"]
[BlackElo "2022"]
[PlyCount "77"]
[EventDate "2010.01.08"]
[EventType "swiss"]
[EventRounds "9"]
[EventCountry "ESP"]
[Source "lmi"]
[SourceDate "2010.01.08"]

1. e4 g6 2. d4 Bg7 3. Bc4 d6 4. Qf3 e6 5. Ne2 a6 6. Nbc3 Ne7 7. h4 h6 8. Be3 b5
9. Bd3 Bb7 10. Qh3 Nd7 11. h5 g5 12. f4 gxf4 13. Nxf4 Nb6 14. O-O-O Nc4 15.
Bxc4 bxc4 16. Rhf1 Qd7 17. Qg4 Rg8 18. Qe2 a5 19. Qd2 Nc8 20. d5 e5 21. Nfe2
Qg4 22. Nb5 Qd7 23. Nec3 Ba6 24. Na3 Qg4 25. Bxh6 Qxh5 26. Bxg7 Rxg7 27. Ncb5
Bxb5 28. Nxb5 Kd7 29. Rf5 Qg6 30. Rdf1 Nb6 31. g4 Rf8 32. g5 Qh5 33. Qxa5 Rh8
34. Na7 Qe2 35. Qb5+ Ke7 36. Nc6+ Kf8 37. g6 Rh2 38. Rxf7+ Rxf7 39. Rxf7+ 1-0

[Event "Madrid ch 2009/10 Semifinal B"]
[Site "Madrid ESP"]
[Date "2010.01.08"]
[Round "1.6"]
[White "Cerrato Torrijos, Maria"]
[Black "Gemy, Jose Daniel"]
[Result "0-1"]
[WhiteElo "2012"]
[BlackElo "2214"]
[PlyCount "134"]
[EventDate "2010.01.08"]
[EventType "swiss"]
[EventRounds "9"]
[EventCountry "ESP"]
[Source "lmi"]
[SourceDate "2010.01.08"]

1. e4 e6 2. d4 d5 3. Nc3 dxe4 4. Nxe4 Qd5 5. Ng3 Nf6 6. Nf3 b6 7. Bd3 Ba6 8.
Bxa6 Nxa6 9. O-O Bd6 10. Qe2 Qb7 11. Bg5 Nd7 12. Nf5 Kf8 13. Nxd6 cxd6 14. Bf4
d5 15. Ng5 Re8 16. Rad1 Kg8 17. Rd3 h6 18. Nh3 e5 19. Ra3 Nc7 20. dxe5 f6 21.
Qg4 Nb5 22. Qg6 Re6 23. Re3 d4 24. exf6 Rxf6 25. Re8+ Nf8 26. Qg3 Qc6 27. Re7
Rg6 28. Qb3+ Ne6 29. Bg3 Kh7 30. Qd3 Nc5 31. Qf5 Nd6 32. Qh5 Nde4 33. Nf4 Rg5
34. Qe2 Rf8 35. Nd3 Qg6 36. Nxc5 Nxc5 37. b4 d3 38. cxd3 Nxd3 39. Qe4 Qxe4 40.
Rxe4 Rc8 41. Rd4 Nc1 42. Rd2 Rb5 43. a3 Rc3 44. Rd7 Ne2+ 45. Kh1 Rxa3 46. Bb8
a6 47. Re1 Ra2 48. Re7 Rxb4 49. Be5 Rg4 50. h3 Rg6 51. Bc7 Nc3 52. Rf7 Nd5 53.
Be5 Kg8 54. Rb7 Rxf2 55. g4 Rf7 56. Rb8+ Kh7 57. Bd4 Rc6 58. h4 Rc4 59. Rd1 Rd7
60. Bf2 Rxg4 61. Re1 Rf7 62. Re2 Nc3 63. Rb2 Ne4 64. Bxb6 Rxh4+ 65. Kg2 Rg4+
66. Kh3 Rg3+ 67. Kh2 Rf4 0-1

[Event "Madrid ch 2009/10 Semifinal B"]
[Site "Madrid ESP"]
[Date "2010.01.08"]
[Round "1.7"]
[White "Ramirez Garcia, Jorge Alberto"]
[Black "Sotnikov, Taras"]
[Result "0-1"]
[WhiteElo "2176"]
[BlackElo "2005"]
[PlyCount "82"]
[EventDate "2010.01.08"]
[EventType "swiss"]
[EventRounds "9"]
[EventCountry "ESP"]
[Source "lmi"]
[SourceDate "2010.01.08"]

1. Nf3 f5 2. d3 d6 3. e4 e5 4. Nc3 Nf6 5. exf5 Bxf5 6. d4 e4 7. Nh4 Bg4 8. Be2
Be6 9. d5 Bf7 10. O-O Be7 11. Nf5 O-O 12. f3 exf3 13. Bxf3 Nbd7 14. Qe1 Ne5 15.
Qg3 Bg6 16. Nd4 Nxf3+ 17. Rxf3 Nh5 18. Qf2 Rxf3 19. Qxf3 Qf8 20. Qxf8+ Rxf8 21.
Ncb5 a6 22. Nxc7 Rc8 23. Nde6 Bxc2 24. Be3 Nf6 25. h3 h6 26. Bd4 Kf7 27. Rc1
Bd3 28. b3 Bf5 29. Nxg7 Bd7 30. Nge6 Nxd5 31. Rf1+ Nf6 32. Bxf6 Bxf6 33. Nd5
Kxe6 34. Nxf6 Rc2 35. a4 Bc6 36. Rf4 Rxg2+ 37. Kf1 Rg3 38. h4 Rxb3 39. Ng4 h5
40. Nf2 Ra3 41. Ne4 Ke5 0-1

[Event "Madrid ch 2009/10 Semifinal B"]
[Site "Madrid ESP"]
[Date "2010.01.08"]
[Round "1.8"]
[White "Vukotic Jovsic, Dragan"]
[Black "Baigorri Navarro, Fco. Javier"]
[Result "0-1"]
[WhiteElo "1984"]
[BlackElo "2175"]
[PlyCount "84"]
[EventDate "2010.01.08"]
[EventType "swiss"]
[EventRounds "9"]
[EventCountry "ESP"]
[Source "lmi"]
[SourceDate "2010.01.08"]

1. d4 Nf6 2. Bf4 c5 3. e3 Qb6 4. Nc3 d6 5. dxc5 Qxc5 6. Bb5+ Nc6 7. Qd4 Qxb5 8.
Nxb5 Nxd4 9. exd4 Nd5 10. Bd2 Bd7 11. Nc3 Bc6 12. Nf3 Nxc3 13. Bxc3 Bxf3 14.
gxf3 d5 15. h4 h5 16. Bd2 e6 17. O-O-O Bd6 18. Rde1 Kd7 19. Rhg1 g6 20. Bg5
Rhc8 21. c3 b5 22. a3 a5 23. Kc2 Ra6 24. Kb3 Rb6 25. Rc1 Rc4 26. Ra1 Rb7 27.
Kc2 Rbc7 28. Kd3 Be7 29. Bxe7 Kxe7 30. Rg5 b4 31. axb4 axb4 32. Rc1 bxc3 33. b3
Rb4 34. Rxc3 Rcb7 35. Rg1 Rxb3 36. Rgc1 Rxc3+ 37. Rxc3 Rb1 38. Rc7+ Kf6 39. Ke3
Rh1 40. Rc2 Rxh4 41. Rd2 Rh1 42. Kf4 Rg1 0-1

[Event "Madrid ch 2009/10 Semifinal B"]
[Site "Madrid ESP"]
[Date "2010.01.08"]
[Round "1.9"]
[White "Montanes Arribas, Adrian"]
[Black "Martin Prieto, Oscar"]
[Result "1-0"]
[WhiteElo "2158"]
[BlackElo "1982"]
[PlyCount "73"]
[EventDate "2010.01.08"]
[EventType "swiss"]
[EventRounds "9"]
[EventCountry "ESP"]
[Source "lmi"]
[SourceDate "2010.01.08"]

1. e4 c5 2. Nf3 b6 3. d4 cxd4 4. Nxd4 Bb7 5. Nc3 a6 6. Bg5 Qc7 7. Qf3 e6 8.
O-O-O Nc6 9. Nxc6 Qxc6 10. Bd3 Rc8 11. Qg3 Nf6 12. Kb1 Bb4 13. Bd2 Bxc3 14.
Bxc3 Nxe4 15. Bxe4 Qxe4 16. Qxg7 Rf8 17. f3 Qc4 18. Rd4 Qc5 19. Rhd1 d5 20.
Qxh7 a5 21. R4d2 Kd7 22. Bg7 Rg8 23. Bd4 Qf8 24. Bxb6 Ba6 25. Qh4 Rc4 26. Rd4
Qb4 27. Rxc4 Bxc4 28. Qh7 Rf8 29. Bd4 Be2 30. Bc3 Qf4 31. Re1 Bc4 32. Qg7 Rc8
33. Qe5 Qh4 34. b3 Bb5 35. a4 Ba6 36. Kb2 Qf2 37. Qd4 1-0

[Event "Madrid ch 2009/10 Semifinal B"]
[Site "Madrid ESP"]
[Date "2010.01.08"]
[Round "1.10"]
[White "Sanchez Millan, Eduardo"]
[Black "Garcia Salamero, Gabriel"]
[Result "1/2-1/2"]
[WhiteElo "1978"]
[BlackElo "2155"]
[PlyCount "133"]
[EventDate "2010.01.08"]
[EventType "swiss"]
[EventRounds "9"]
[EventCountry "ESP"]
[Source "lmi"]
[SourceDate "2010.01.08"]

1. d4 Nf6 2. c4 e6 3. Nc3 d5 4. Nf3 Be7 5. Bf4 O-O 6. e3 c5 7. Bd3 a6 8. a4 Nc6
9. cxd5 exd5 10. h3 cxd4 11. exd4 Qb6 12. Rb1 Nb4 13. O-O Nxd3 14. Qxd3 g6 15.
g4 Rd8 16. Ne5 Bf8 17. Rfc1 Be6 18. b4 Rdc8 19. a5 Qd8 20. Na4 Rxc1+ 21. Rxc1
Bxb4 22. Nb6 Bxa5 23. Nxa8 Qxa8 24. Qa3 Bd8 25. Nd3 Nd7 26. Qd6 g5 27. Re1 Nf8
28. Qb8 Qxb8 29. Bxb8 Nd7 30. Ba7 b5 31. f4 Nf6 32. Nc5 Ne4 33. Nxe4 dxe4 34.
d5 Bd7 35. f5 b4 36. Kf2 a5 37. Rxe4 Bf6 38. Bb6 b3 39. Bxa5 b2 40. Rb4 Ba4 41.
Rb8+ Kg7 42. d6 Bc2 43. d7 b1=Q 44. Rxb1 Bxb1 45. Bc3 Bxc3 46. d8=Q Bf6 47. Qb6
Be4 48. h4 h6 49. hxg5 hxg5 50. Ke3 Bd5 51. Qd6 Bc4 52. Qc5 Bf1 53. Qc6 Bb2 54.
Kd2 Bf6 55. Kc2 Be2 56. Qg2 Bc4 57. Qe4 Bb5 58. Kb3 Ba6 59. Kb4 Bf1 60. Kc5 Ba6
61. Kb6 Bf1 62. Kc6 Ba6 63. Qd5 Be2 64. Kd7 Bxg4 65. Ke8 Bh5 66. Qh1 Be2 67.
Qd5 1/2-1/2

[Event "Madrid ch 2009/10 Semifinal B"]
[Site "Madrid ESP"]
[Date "2010.01.08"]
[Round "1.11"]
[White "Martinez De Miguel, Pedro"]
[Black "Garcia Serrano, Jose Manuel"]
[Result "1/2-1/2"]
[WhiteElo "2144"]
[BlackElo "1921"]
[PlyCount "132"]
[EventDate "2010.01.08"]
[EventType "swiss"]
[EventRounds "9"]
[EventCountry "ESP"]
[Source "lmi"]
[SourceDate "2010.01.08"]

1. e4 e5 2. Nf3 Nc6 3. Bb5 a6 4. Ba4 Nf6 5. O-O Nxe4 6. Re1 b5 7. Bb3 d5 8. Nc3
Nxc3 9. dxc3 Be6 10. a4 Na5 11. Nxe5 Nxb3 12. cxb3 Bd6 13. Nc6 Qd7 14. axb5 O-O
15. Nd4 axb5 16. Rxa8 Rxa8 17. b4 Bg4 18. Qd3 c6 19. h3 Bh5 20. Qf5 Qxf5 21.
Nxf5 Bf8 22. Bf4 f6 23. Re6 Be8 24. Nd4 Kf7 25. Re1 Ra2 26. Re2 Bd7 27. Nb3 Ra7
28. Be3 Ra8 29. Bc5 Re8 30. Kf1 Rxe2 31. Kxe2 g6 32. Bxf8 Kxf8 33. Ke3 Ke7 34.
Kd4 Kd6 35. Nc5 Bc8 36. Nd3 h5 37. Nf4 Bf5 38. f3 h4 39. Ne2 g5 40. Ke3 Ke5 41.
Nd4 Bd7 42. Nb3 f5 43. Nc5 f4+ 44. Kd2 Bc8 45. Nb3 Bf5 46. Na5 Bd7 47. Nb7 d4
48. Nd8 Be8 49. cxd4+ Kxd4 50. Ne6+ Kc4 51. Nxg5 Kxb4 52. Ne6 Kb3 53. Kc1 Bf7
54. Nxf4 c5 55. Nd3 c4 56. Nc5+ Ka2 57. Nd7 Bg6 58. Ne5 Bf5 59. Nc6 Bh7 60. Nd4
Bd3 61. Nxb5 Bf1 62. Nd6 Kb3 63. Nf5 Bxg2 64. Nxh4 Bxh3 65. Ng6 c3 66. bxc3
Kxc3 1/2-1/2

[Event "Madrid ch 2009/10 Semifinal B"]
[Site "Madrid ESP"]
[Date "2010.01.08"]
[Round "1.12"]
[White "Navas Jimenez, Julian"]
[Black "Vazquez Torres, Adrian"]
[Result "0-1"]
[WhiteElo "1962"]
[BlackElo "2139"]
[PlyCount "64"]
[EventDate "2010.01.08"]
[EventType "swiss"]
[EventRounds "9"]
[EventCountry "ESP"]
[Source "lmi"]
[SourceDate "2010.01.08"]

1. d4 d6 2. Nf3 Nf6 3. c4 Nbd7 4. Nc3 c6 5. e4 e5 6. Be2 Be7 7. O-O O-O 8. Qc2
a6 9. Re1 b5 10. a3 Bb7 11. b4 Rc8 12. dxe5 Nxe5 13. Nxe5 dxe5 14. c5 Rc7 15.
Bb2 Rd7 16. Rad1 Bc8 17. Rxd7 Bxd7 18. Nd1 Qc7 19. Ne3 Re8 20. Rd1 Be6 21. h3
a5 22. bxa5 Qxa5 23. Nf5 Bf8 24. Nd6 Rd8 25. Nb7 Rxd1+ 26. Qxd1 Qa7 27. Nd8 Bd7
28. Bxe5 Be7 29. Bxf6 Bxf6 30. Bg4 Bxg4 31. Nxc6 Qxc5 32. Qxg4 Qxc6 0-1

[Event "Madrid ch 2009/10 Semifinal B"]
[Site "Madrid ESP"]
[Date "2010.01.08"]
[Round "1.13"]
[White "Suarez Uriel, Adrian"]
[Black "Tirado Parra, Alberto"]
[Result "1-0"]
[WhiteElo "2137"]
[BlackElo "1957"]
[PlyCount "51"]
[EventDate "2010.01.08"]
[EventType "swiss"]
[EventRounds "9"]
[EventCountry "ESP"]
[Source "lmi"]
[SourceDate "2010.01.08"]

1. e4 e5 2. Nf3 Nc6 3. Bb5 a6 4. Ba4 Nf6 5. O-O Be7 6. d3 b5 7. Bb3 d6 8. a4
Bg4 9. Be3 O-O 10. Nc3 Nd4 11. Bxd4 exd4 12. Nd5 Nxd5 13. Bxd5 Rb8 14. axb5
axb5 15. h3 Bxf3 16. Qxf3 Qc8 17. Ra7 Bf6 18. g4 h6 19. Qg3 c6 20. Bb3 Rb7 21.
Rxb7 Qxb7 22. Qxd6 Rc8 23. Qc5 Qe7 24. Qf5 Rb8 25. f4 g6 26. Qxg6+ 1-0

[Event "Madrid ch 2009/10 Semifinal B"]
[Site "Madrid ESP"]
[Date "2010.01.08"]
[Round "1.14"]
[White "Ocana Lameiro, Oliver"]
[Black "Nieto de la Cruz, Julio"]
[Result "1/2-1/2"]
[WhiteElo "1927"]
[BlackElo "2131"]
[PlyCount "153"]
[EventDate "2010.01.08"]
[EventType "swiss"]
[EventRounds "9"]
[EventCountry "ESP"]
[Source "lmi"]
[SourceDate "2010.01.08"]

1. Nf3 c5 2. c4 Nc6 3. Nc3 g6 4. g3 Bg7 5. Bg2 e5 6. O-O Nge7 7. e3 O-O 8. b3
f5 9. Bb2 d6 10. d3 h6 11. Ne1 f4 12. Nd5 g5 13. exf4 gxf4 14. gxf4 Ng6 15.
fxe5 Qh4 16. Nf3 Qh5 17. Nd2 Bg4 18. f3 Bf5 19. Ne4 Ngxe5 20. Ng3 Qg6 21. Nxf5
Rxf5 22. f4 Raf8 23. Kh1 Ng4 24. Bxg7 Qxg7 25. h3 Rh5 26. Kg1 Rxh3 27. Bxh3
Ne3+ 28. Kh2 Nxd1 29. Rg1 Nf2 30. Be6+ Kh8 31. Rxg7 Kxg7 32. Rg1+ Kh7 33. Rg3
Nd4 34. Kg2 Nxe6 35. Kxf2 Nxf4 36. Nxf4 Rxf4+ 37. Ke3 Rf1 38. Ke4 Rf6 39. d4
Rg6 40. Rf3 Rg4+ 41. Ke3 cxd4+ 42. Kd3 Kg7 43. Rf1 h5 44. Re1 Kf7 45. Rf1+ Kg6
46. Rf8 Kg5 47. Rg8+ Kh4 48. Re8 Kg3 49. Ke2 Kg2 50. Rf8 Re4+ 51. Kd3 Rg4 52.
Ke2 d3+ 53. Kxd3 h4 54. Ke2 h3 55. Rf2+ Kg3 56. Rf3+ Kh4 57. Rf7 Kg3 58. Rf3+
Kh2 59. Rf7 Rg2+ 60. Kf1 Rxa2 61. Rxb7 Ra1+ 62. Kf2 Ra6 63. Rh7 Ra3 64. Rh6 Ra5
65. Rxd6 Rf5+ 66. Ke3 Kg3 67. Rg6+ Kh4 68. Rh6+ Kg4 69. Rg6+ Kh5 70. Rg7 a5 71.
Ke4 Rf1 72. Ra7 Kh6 73. Ra6+ Kg7 74. Ra7+ Kg6 75. Ra6+ Kh7 76. Ra7+ Kg6 77.
Ra6+ 1/2-1/2

[Event "Madrid ch 2009/10 Semifinal B"]
[Site "Madrid ESP"]
[Date "2010.01.08"]
[Round "1.15"]
[White "Argente Rodriguez, Juan Jose"]
[Black "Madurga Lopez, Ignacio"]
[Result "1-0"]
[WhiteElo "2128"]
[BlackElo "1913"]
[PlyCount "61"]
[EventDate "2010.01.08"]
[EventType "swiss"]
[EventRounds "9"]
[EventCountry "ESP"]
[Source "lmi"]
[SourceDate "2010.01.08"]

1. c4 e5 2. g3 Nc6 3. Bg2 g6 4. Nc3 Bg7 5. e4 d6 6. Nge2 f5 7. d3 Nh6 8. h4 Be6
9. Nd5 Nf7 10. Be3 O-O 11. Qd2 Nd4 12. h5 g5 13. f4 h6 14. O-O-O c6 15. Ndc3
Qa5 16. Kb1 b5 17. cxb5 Nxe2 18. Qxe2 fxe4 19. dxe4 cxb5 20. Nd5 exf4 21. gxf4
gxf4 22. Bxf4 Ne5 23. Bd2 Qa6 24. Bh3 Bxd5 25. exd5 Rae8 26. Rhg1 Kh8 27. Rxg7
Kxg7 28. Rg1+ Kf7 29. Bxh6 Rg8 30. Be6+ Rxe6 31. dxe6+ 1-0

[Event "Madrid ch 2009/10 Semifinal B"]
[Site "Madrid ESP"]
[Date "2010.01.08"]
[Round "1.16"]
[White "Cardena Contreras, Javier"]
[Black "Mansilla Tolosa, Luis"]
[Result "1-0"]
[WhiteElo "1899"]
[BlackElo "2109"]
[PlyCount "193"]
[EventDate "2010.01.08"]
[EventType "swiss"]
[EventRounds "9"]
[EventCountry "ESP"]
[Source "lmi"]
[SourceDate "2010.01.08"]

1. e4 c5 2. Nf3 d6 3. d4 cxd4 4. Nxd4 Nf6 5. Nc3 a6 6. Bg5 e6 7. f4 Qc7 8. Qf3
Nc6 9. O-O-O Nxd4 10. Rxd4 b5 11. Bxf6 gxf6 12. f5 Qc5 13. Rd1 Bb7 14. fxe6
Qg5+ 15. Kb1 fxe6 16. Bd3 h5 17. h4 Qg7 18. Ne2 e5 19. Ng3 Be7 20. Be2 Qg4 21.
Nxh5 Qxf3 22. Bxf3 Rg8 23. Rh3 Kf7 24. Ng3 Bc8 25. Nf5 Rh8 26. g4 Bxf5 27. exf5
Rac8 28. Bd5+ Kg7 29. b3 Rc5 30. c4 b4 31. Be6 Kf8 32. Rd5 Rxd5 33. Bxd5 Bd8
34. Kb2 Bb6 35. Kc2 Bf2 36. h5 Kg7 37. Kd3 Kh6 38. Ke4 Kg5 39. Kf3 Bd4 40. Rh1
Kh6 41. Kg3 Rh7 42. Re1 Rc7 43. Re4 a5 44. Re2 Ra7 45. Bc6 Rc7 46. Bb5 Kg5 47.
Kf3 Rc5 48. Rh2 Kh6 49. Ke2 d5 50. Kd3 Bc3 51. Ke3 Be1 52. g5+ fxg5 53. f6 Rc8
54. f7 Rf8 55. Be8 dxc4 56. bxc4 Bc3 57. Ke4 a4 58. Kd3 Bd4 59. Kc2 Rh8 60. Rh1
Bc5 61. Re1 Bd4 62. Rf1 Kg7 63. h6+ Kf8 64. Rh1 Rh7 65. Rh5 Be3 66. Kd3 Bf4 67.
c5 e4+ 68. Kxe4 b3 69. axb3 axb3 70. Kd3 g4 71. Rh4 Rxh6 72. Rxg4 Rf6 73. Kc3
Bh6 74. Kxb3 Ke7 75. c6 Kd6 76. Rh4 Bf8 77. Rh8 Be7 78. Rh7 Rf4 79. Rh6+ Kc7
80. Re6 Bf8 81. Re5 Bd6 82. Rb5 Kc8 83. Bd7+ Kc7 84. Be8 Kc8 85. Ra5 Kc7 86.
Ra7+ Kc8 87. Rd7 Bc5 88. Rd5 Be7 89. Kc3 Bf8 90. Kd3 Bh6 91. Rh5 Bf8 92. Ke3
Bd6 93. Rd5 Bc7 94. Rd7 Be5 95. Re7 Bd6 96. Re6 Bc7 97. Bd7+ 1-0

[Event "Madrid ch 2009/10 Semifinal B"]
[Site "Madrid ESP"]
[Date "2010.01.08"]
[Round "1.17"]
[White "Prieto Honorato, Juan Maria"]
[Black "Rodriguez Vignote, Javier"]
[Result "1-0"]
[WhiteElo "2098"]
[BlackElo "1891"]
[PlyCount "85"]
[EventDate "2010.01.08"]
[EventType "swiss"]
[EventRounds "9"]
[EventCountry "ESP"]
[Source "lmi"]
[SourceDate "2010.01.08"]

1. d4 e6 2. c4 Nf6 3. Nc3 Bb4 4. e3 O-O 5. Bd3 d5 6. Nge2 c5 7. O-O cxd4 8.
exd4 dxc4 9. Bxc4 a6 10. Bg5 Be7 11. Ng3 b5 12. Bb3 Bb7 13. f4 Nc6 14. Nce2 Qb6
15. Kh1 Rad8 16. f5 Nxd4 17. Nxd4 Rxd4 18. Qe2 Rd6 19. fxe6 Rxe6 20. Bxe6 fxe6
21. Nh5 Bd5 22. Nxf6+ gxf6 23. Bh6 Rf7 24. b3 f5 25. Rac1 Bb7 26. Rc3 Rf6 27.
Rg3+ Rg6 28. Rxg6+ hxg6 29. Qe5 Bf8 30. Bxf8 Kxf8 31. Qf6+ Ke8 32. Qxg6+ Kd7
33. Rxf5 Qe3 34. Rf7+ Kc6 35. Qc2+ Kd5 36. Qd1+ Kc6 37. Rxb7 Kxb7 38. Qf3+ Qxf3
39. gxf3 Kc7 40. h4 Kd7 41. Kg2 Ke7 42. Kg3 Kf6 43. Kf4 1-0

[Event "Madrid ch 2009/10 Semifinal B"]
[Site "Madrid ESP"]
[Date "2010.01.08"]
[Round "1.18"]
[White "Morona Minguez, Irene"]
[Black "Collado Barbas, Laura"]
[Result "1/2-1/2"]
[WhiteElo "1867"]
[BlackElo "2096"]
[PlyCount "143"]
[EventDate "2010.01.08"]
[EventType "swiss"]
[EventRounds "9"]
[EventCountry "ESP"]
[Source "lmi"]
[SourceDate "2010.01.08"]

1. e4 e6 2. d4 d5 3. Nc3 Nc6 4. Nf3 Nf6 5. e5 Ne4 6. Bd3 Bb4 7. Bd2 Nxd2 8.
Qxd2 f6 9. a3 Bxc3 10. Qxc3 Bd7 11. O-O-O Qe7 12. Kb1 fxe5 13. dxe5 O-O-O 14.
Rhe1 Rdf8 15. Qd2 Be8 16. Bb5 Bh5 17. Bxc6 bxc6 18. Qe2 Kd7 19. Rd3 Rb8 20. Ka2
Rb6 21. c4 Rhb8 22. Rd2 a5 23. cxd5 cxd5 24. Qd1 Bxf3 25. Qa4+ Rb5 26. gxf3 c5
27. Qg4 Ke8 28. f4 g6 29. h4 Qf7 30. Rh1 d4 31. h5 Qd7 32. Rh3 Qd5+ 33. Ka1 Qc4
34. Rh1 Qd5 35. Rh3 Qc4 36. Rh1 Rb3 37. Qd1 Qa4 38. Rd3 c4 39. Rxb3 Qxb3 40.
Qxb3 Rxb3 41. hxg6 hxg6 42. Rd1 d3 43. Kb1 Rb5 44. Kc1 g5 45. fxg5 Rxe5 46. f4
Re4 47. Rf1 Kf7 48. Kd2 Re2+ 49. Kc3 Rc2+ 50. Kd4 Kg6 51. Re1 Kf5 52. Rf1 a4
53. Rg1 Kxf4 54. g6 e5+ 55. Kd5 Rxb2 56. Kxc4 Rb8 57. g7 d2 58. Kc3 Rd8 59. Kc2
Rg8 60. Kxd2 e4 61. Ke2 e3 62. Rg2 Ke4 63. Rg4+ Kf5 64. Rxa4 Rxg7 65. Kxe3 Rg3+
66. Kd2 Ke5 67. Kc2 Kd5 68. Kb2 Kc5 69. Rb4 Rg2+ 70. Kb3 Rg3+ 71. Ka4 Rh3 72.
Rb5+ 1/2-1/2

[Event "Madrid ch 2009/10 Semifinal B"]
[Site "Madrid ESP"]
[Date "2010.01.09"]
[Round "2.1"]
[White "Serrano Salvador, Eduardo"]
[Black "Suarez Uriel, Adrian"]
[Result "1-0"]
[WhiteElo "2324"]
[BlackElo "2137"]
[PlyCount "101"]
[EventDate "2010.01.08"]
[EventType "swiss"]
[EventRounds "9"]
[EventCountry "ESP"]
[Source "lmi"]
[SourceDate "2010.01.08"]

1. d4 Nf6 2. Nf3 g6 3. Bg5 Bg7 4. Nbd2 O-O 5. e4 d6 6. c3 Nbd7 7. Be2 e5 8.
dxe5 dxe5 9. O-O c6 10. Nc4 Qc7 11. Qd6 Qxd6 12. Nxd6 Nc5 13. Bxf6 Bxf6 14. b4
Na4 15. Rac1 a5 16. a3 axb4 17. axb4 Rd8 18. Nc4 Bg4 19. Rc2 Bxf3 20. gxf3 Be7
21. Kg2 f6 22. Ra1 Bf8 23. Rca2 b5 24. Bd1 Rd3 25. Bxa4 Rxa4 26. Rxa4 bxa4 27.
Ra3 Bh6 28. Nb6 Bc1 29. Rxa4 Rxc3 30. Ra8+ Kg7 31. Rc8 Rc2 32. Nd5 Bg5 33. b5
c5 34. b6 Rb2 35. Rxc5 Bh4 36. Rc7+ Kh6 37. b7 Kg5 38. Ne7 Bxf2 39. b8=Q Rxb8
40. Kxf2 Rb2+ 41. Kg3 f5 42. h4+ Kf6 43. Nd5+ Ke6 44. Re7+ Kd6 45. Rxh7 f4+ 46.
Nxf4 exf4+ 47. Kxf4 Ke6 48. h5 gxh5 49. Rh6+ Kf7 50. Rxh5 Rb4 51. Rh6 1-0

[Event "Madrid ch 2009/10 Semifinal B"]
[Site "Madrid ESP"]
[Date "2010.01.09"]
[Round "2.2"]
[White "Alcazar Jimenez, Jesus Alberto"]
[Black "Argente Rodriguez, Juan Jose"]
[Result "1-0"]
[WhiteElo "2249"]
[BlackElo "2128"]
[PlyCount "39"]
[EventDate "2010.01.08"]
[EventType "swiss"]
[EventRounds "9"]
[EventCountry "ESP"]
[Source "lmi"]
[SourceDate "2010.01.08"]

1. e4 c5 2. Nf3 d6 3. d4 cxd4 4. Nxd4 Nf6 5. Nc3 a6 6. Bg5 e6 7. f4 Nbd7 8. Qf3
Qc7 9. O-O-O b5 10. Bxf6 Nxf6 11. e5 Bb7 12. Bxb5+ axb5 13. Ndxb5 Qb6 14. Rxd6
Bxf3 15. Rxb6 Nd5 16. Nxd5 Bxd5 17. Nc7+ Kd7 18. Nxa8 Bc5 19. Rd6+ Bxd6 20.
Nb6+ 1-0

[Event "Madrid ch 2009/10 Semifinal B"]
[Site "Madrid ESP"]
[Date "2010.01.09"]
[Round "2.3"]
[White "Fernandez Lledo, Javier"]
[Black "Perez de Aranda A., Leonardo I"]
[Result "1-0"]
[WhiteElo "2064"]
[BlackElo "2216"]
[PlyCount "107"]
[EventDate "2010.01.08"]
[EventType "swiss"]
[EventRounds "9"]
[EventCountry "ESP"]
[Source "lmi"]
[SourceDate "2010.01.08"]

1. e4 c5 2. Nf3 d6 3. d4 cxd4 4. Nxd4 Nf6 5. Nc3 a6 6. Rg1 e6 7. g4 d5 8. exd5
Nxd5 9. Nxd5 exd5 10. Be3 Be7 11. Nf5 Bxf5 12. gxf5 Bf6 13. c3 O-O 14. Bg2 d4
15. Bxd4 Bxd4 16. Qxd4 Re8+ 17. Kf1 Nc6 18. Bxc6 Qxd4 19. cxd4 bxc6 20. Rc1 Re4
21. Rxc6 Rxd4 22. Rg3 Kf8 23. Rh3 Rd2 24. Rxh7 Kg8 25. Rh3 Rxb2 26. Ra3 a5 27.
Rc5 Re8 28. Rcxa5 f6 29. Ra8 Rxa8 30. Rxa8+ Kh7 31. a4 Kh6 32. Kg2 Kg5 33. Ra7
Kxf5 34. Rxg7 Ra2 35. Ra7 Kf4 36. a5 Kg5 37. Kg3 Kg6 38. h4 Ra3+ 39. f3 Ra2 40.
Ra6 Kg7 41. h5 Kh6 42. Rxf6+ Kxh5 43. Rf5+ Kg6 44. Rb5 Kf6 45. f4 Ra1 46. Kf3
Re1 47. Re5 Ra1 48. Rc5 Re1 49. Rc8 Ra1 50. Ra8 Kf7 51. a6 Ra3+ 52. Ke4 Kg6 53.
a7 Kg7 54. f5 1-0